[Event "TCh-FRA Top 12 2014"]
[Site "Saint-Quentin FRA"]
[Date "2014.06.02"]
[Round "10.1"]
[White "Istratescu, Andrei"]
[Black "Ipatov, Alexander"]
[Result "1-0"]
[WhiteTitle "GM"]
[BlackTitle "GM"]
[WhiteElo "2667"]
[BlackElo "2613"]
[WhiteTeam "Evry Grand Roque"]
[BlackTeam "C.E. de Bois-Colombes"]
[WhiteFideId "1200372"]
[BlackFideId "14116731"]
[EventDate "2014.05.24"]

1. c4 e5 2. Nc3 d6 3. g3 Be6 4. Nf3 Nd7 5. d3 h6 6. Bg2 c6 7. e4 Ne7 8. O-O g5
9. b3 Ng6 10. d4 Nf6 11. d5 Bd7 12. Ne1 c5 13. Nd3 g4 14. f4 gxf3 15. Qxf3 Be7
16. Nd1 Rh7 17. Ne3 h5 18. h3 Rg7 19. a3 h4 20. g4 Nh7 21. b4 b6 22. bxc5 Ng5
23. Qf2 bxc5 24. Nf5 Bxf5 25. exf5 Nf4 26. Nxf4 exf4 27. Bxf4 Bf6 28. Rae1+ Kf8
29. Kh1 Rh7 30. Rb1 Kg7 31. Rb7 Rh8 32. Re1 Rb8 33. Rxa7 Bd4 34. Qf1 Rb2 35. f6+
Kg6 36. Qd3+ 1-0

[Event "TCh-FRA Top 12 2014"]
[Site "Saint-Quentin FRA"]
[Date "2014.06.02"]
[Round "10.2"]
[White "Amin, Bassem"]
[Black "Fedorchuk, Sergey A."]
[Result "0-1"]
[WhiteTitle "GM"]
[BlackTitle "GM"]
[WhiteElo "2628"]
[BlackElo "2638"]
[WhiteTeam "C.E. de Bois-Colombes"]
[BlackTeam "Evry Grand Roque"]
[WhiteFideId "10601457"]
[BlackFideId "14102536"]
[EventDate "2014.05.24"]

1. Nf3 Nf6 2. g3 b6 3. Bg2 Bb7 4. O-O c5 5. d3 d6 6. e4 e6 7. a4 Be7 8. Nc3 O-O
9. e5 dxe5 10. Nxe5 Qc8 11. Bf4 Nc6 12. Qf3 Na5 13. Qe2 Nc6 14. Qf3 Na5 15. Qe2
Nc6 16. Nxc6 Bxc6 17. Rfe1 Rd8 18. a5 b5 19. a6 b4 20. Ne4 Nd5 21. Be3 Nxe3 22.
Qxe3 Rb8 23. Ra5 Rb5 24. Rea1 Qc7 25. Rxb5 Bxb5 26. h4 Qb6 27. Qf3 h6 28. Nd2
Bf6 29. Ra2 Bxa6 30. Qc6 Bb5 31. Qxb6 axb6 32. b3 Kf8 33. Nc4 Bxc4 34. bxc4 b3
35. cxb3 Rxd3 36. Ra8+ Ke7 37. Ra7+ Kd6 38. Rxf7 Rxb3 39. Bf1 Bd4 40. Kg2 Rb2
41. g4 Rc2 42. Bd3 Rd2 43. Bf1 e5 44. Kg3 e4 45. Bg2 Ke6 46. Rb7 Bxf2+ 47. Kf4
e3 48. Bd5+ Kd6 49. Rxb6+ Kc7 50. Rc6+ Kd7 51. Kf3 Bg1 52. Rg6 Rf2+ 53. Kg3 Bh2+
54. Kh3 Be5 0-1

[Event "TCh-FRA Top 12 2014"]
[Site "Saint-Quentin FRA"]
[Date "2014.06.02"]
[Round "10.3"]
[White "Sochacki, Christophe"]
[Black "Cornette, Matthieu"]
[Result "1/2-1/2"]
[WhiteTitle "IM"]
[BlackTitle "GM"]
[WhiteElo "2449"]
[BlackElo "2547"]
[WhiteTeam "Evry Grand Roque"]
[BlackTeam "C.E. de Bois-Colombes"]
[WhiteFideId "662569"]
[BlackFideId "620084"]
[EventDate "2014.05.24"]

1. e4 e5 2. Nf3 Nc6 3. d4 exd4 4. Nxd4 Nf6 5. Nc3 Bb4 6. Nxc6 bxc6 7. Bd3 O-O 8.
O-O d5 9. exd5 cxd5 10. h3 Re8 11. Qf3 Rb8 12. Bg5 c6 13. Rfe1 Be6 14. Bf4 Bd6
15. b3 Bxf4 16. Qxf4 Qa5 17. Na4 c5 18. c4 dxc4 1/2-1/2

[Event "TCh-FRA Top 12 2014"]
[Site "Saint-Quentin FRA"]
[Date "2014.06.02"]
[Round "10.4"]
[White "Bauer, Christian"]
[Black "Moussard, Jules"]
[Result "1-0"]
[WhiteTitle "GM"]
[BlackTitle "IM"]
[WhiteElo "2628"]
[BlackElo "2440"]
[WhiteTeam "C.E. de Bois-Colombes"]
[BlackTeam "Evry Grand Roque"]
[WhiteFideId "603767"]
[BlackFideId "642908"]
[EventDate "2014.05.24"]

1. e4 d6 2. d4 Nf6 3. Nc3 e5 4. Nf3 Nbd7 5. Bc4 Be7 6. a4 O-O 7. O-O c6 8. Re1
b6 9. Ba2 a6 10. Bg5 Ne8 11. Be3 Bb7 12. Qd3 Qc7 13. Rad1 Rd8 14. Bg5 Ndf6 15.
h3 Bc8 16. Bh4 b5 17. Bg3 Nd7 18. Qe3 Bf6 19. axb5 axb5 20. Ne2 exd4 21. Nexd4
Ne5 22. c3 g6 23. Nd2 c5 24. Nxb5 Qb6 25. Bxe5 Bxe5 26. Nc4 Qxb5 27. Nxe5 Qxb2
28. Bxf7+ Rxf7 29. Nxf7 Kxf7 30. e5 Qb7 31. exd6 Nf6 32. Qxc5 Bf5 33. Ra1 Rd7
34. Qc4+ Kg7 35. Qd4 Kf7 36. c4 Ne4 37. c5 Qc6 38. Rac1 Ng5 39. Rc3 Ne4 40. Rcc1
h5 41. Rc4 Ng5 42. Qe5 Rb7 43. Rf4 Kg8 44. Kh2 Rb8 45. Rxf5 1-0

[Event "TCh-FRA Top 12 2014"]
[Site "Saint-Quentin FRA"]
[Date "2014.06.02"]
[Round "10.5"]
[White "Gordon, Stephen J"]
[Black "Kazakov, Mikhail"]
[Result "1-0"]
[WhiteTitle "GM"]
[BlackTitle "GM"]
[WhiteElo "2493"]
[BlackElo "2517"]
[WhiteTeam "Evry Grand Roque"]
[BlackTeam "C.E. de Bois-Colombes"]
[WhiteFideId "411477"]
[BlackFideId "14102749"]
[EventDate "2014.05.24"]

1. Nf3 d5 2. g3 c5 3. Bg2 Nc6 4. d4 cxd4 5. Nxd4 e6 6. c4 Qb6 7. Nxc6 bxc6 8.
O-O Nf6 9. Qa4 Bd7 10. Qc2 Be7 11. Nc3 O-O 12. Na4 Qa6 13. Be3 Qa5 14. Bd2 Qa6
15. b4 Rab8 16. a3 Rfd8 17. Bf4 Rbc8 18. Nc5 Qb6 19. Nxd7 Rxd7 20. Rfd1 Rcd8 21.
Rdc1 Ng4 22. c5 Qb7 23. h3 Nf6 24. Rab1 a6 25. Be5 Ne8 26. a4 Nc7 27. e3 Bf6 28.
Bxf6 gxf6 29. Bf1 d4 30. e4 Qa7 31. Bd3 e5 32. Qe2 Ne6 33. Bxa6 d3 34. Qg4+ Ng7
35. b5 Rd4 36. Qf3 d2 37. Rd1 Qxc5 38. Qxf6 Ne6 39. bxc6 Rxe4 40. Bf1 Qc3 41.
Rb7 Rf8 42. Rd7 Nd4 43. Qg5+ Kh8 44. Qf6+ Kg8 45. c7 h6 46. Qxh6 Nf3+ 47. Kh1
Rd4 48. Qxf8+ Kxf8 49. Rd8+ Kg7 50. c8=Q 1-0

[Event "TCh-FRA Top 12 2014"]
[Site "Saint-Quentin FRA"]
[Date "2014.06.02"]
[Round "10.6"]
[White "Shoker, Samy"]
[Black "Milliet, Sophie"]
[Result "1/2-1/2"]
[WhiteTitle "IM"]
[BlackTitle "IM"]
[WhiteElo "2453"]
[BlackElo "2393"]
[WhiteTeam "C.E. de Bois-Colombes"]
[BlackTeam "Evry Grand Roque"]
[WhiteFideId "627143"]
[BlackFideId "623725"]
[EventDate "2014.05.24"]

1. g3 c5 2. Bg2 Nc6 3. Nf3 g6 4. O-O Bg7 5. d3 d5 6. Nbd2 e6 7. e4 Nge7 8. Re1
b6 9. h4 h6 10. c3 a5 11. a4 Ba6 12. exd5 exd5 13. Nf1 O-O 14. N1h2 Bc8 15. Bf4
Ra7 16. Qd2 Kh7 17. Re2 d4 18. cxd4 cxd4 19. Ne5 Nxe5 20. Bxe5 f6 21. Bb8 Rb7
22. Bxb7 Bxb7 23. g4 f5 24. g5 Qd5 25. f3 Nc6 26. gxh6 Bf6 27. Bg3 Rg8 28. Qf4
g5 29. Qc7+ Kxh6 30. hxg5+ Rxg5 31. Rg2 Be5 32. Qxb7 Bxg3 33. Rc1 Bxh2+ 34. Kh1
Bd6 35. Rxc6 Qe5 36. Rxd6+ Qxd6 37. Rh2+ Rh5 38. Rxh5+ Kxh5 39. Qh7+ Kg5 40. Kg2
Qb4 41. Qg7+ Kf4 42. Qh6+ Ke5 43. Qh8+ Kf4 44. Qh6+ Ke5 45. b3 Qc3 46. Qg7+ Kf4
47. Qh6+ Ke5 48. Qxb6 Qd2+ 49. Kh3 Qxd3 50. Qc7+ Ke6 51. Qc8+ Ke5 52. Qb8+ Ke6
53. Qb6+ Ke5 54. Qb8+ Ke6 55. Qe8+ Kd6 56. Qf8+ Ke5 57. Qb8+ 1/2-1/2

[Event "TCh-FRA Top 12 2014"]
[Site "Saint-Quentin FRA"]
[Date "2014.06.02"]
[Round "10.7"]
[White "Relange, Eloi"]
[Black "Abergel, Thal"]
[Result "1-0"]
[WhiteTitle "GM"]
[BlackTitle "GM"]
[WhiteElo "2466"]
[BlackElo "2417"]
[WhiteTeam "Evry Grand Roque"]
[BlackTeam "C.E. de Bois-Colombes"]
[WhiteFideId "600822"]
[BlackFideId "614890"]
[EventDate "2014.05.24"]

1. d4 d6 2. Nf3 g6 3. g3 Bg7 4. Bg2 Nc6 5. d5 Nb8 6. O-O Nf6 7. c4 O-O 8. Nc3 a5
9. e4 Bg4 10. h3 Bxf3 11. Qxf3 Nfd7 12. Qe2 Na6 13. h4 Nac5 14. Be3 e6 15. dxe6
fxe6 16. Nb5 e5 17. Rad1 b6 18. b3 Ne6 19. h5 Nf6 20. Bh3 Re8 21. hxg6 hxg6 22.
Bxe6+ Rxe6 23. c5 bxc5 24. Qc4 Kf7 25. f4 exf4 26. Rxf4 Qc8 27. Rxd6 Ra6 28.
Rxa6 Qxa6 29. e5 1-0

[Event "TCh-FRA Top 12 2014"]
[Site "Saint-Quentin FRA"]
[Date "2014.06.02"]
[Round "10.8"]
[White "Dacalor, Aurelie"]
[Black "Fargere, Francois"]
[Result "0-1"]
[WhiteTitle "WFM"]
[BlackTitle "GM"]
[WhiteElo "2030"]
[BlackElo "2407"]
[WhiteTeam "C.E. de Bois-Colombes"]
[BlackTeam "Evry Grand Roque"]
[WhiteFideId "617083"]
[BlackFideId "615935"]
[EventDate "2014.05.24"]

1. d4 d5 2. c4 c6 3. Nf3 Nf6 4. e3 Bg4 5. Qb3 Qb6 6. Nc3 e6 7. Bd3 Nbd7 8. Qxb6
axb6 9. cxd5 exd5 10. O-O Bd6 11. Nd2 O-O 12. h3 Be6 13. f4 Nb8 14. g4 b5 15.
Kg2 h6 16. Ne2 Re8 17. Ng3 Nh7 18. Nb3 Nf6 19. Bd2 Ne4 20. Be1 f6 21. Nd2 Nxg3
22. Bxg3 Bf7 23. Kf3 Nd7 24. Rf2 Nb6 25. Nb3 Nc4 26. Re2 Ra7 27. a3 Bf8 28. Bf2
Nd6 29. Rc1 Ne4 30. Be1 Bg6 31. f5 Bf7 32. Nc5 Nd6 33. Rcc2 Nc4 34. Bg3 Bxc5 35.
dxc5 Ne5+ 36. Bxe5 Rxe5 37. Rf2 Ra4 38. Rf1 Kh7 39. Ra1 Re8 40. Rf1 h5 41. Rh1
Kh6 42. Rhh2 Kg5 43. Rcg2 Kh6 44. Rc2 b4 45. axb4 Rxb4 46. Rc1 Ra8 47. Bb1 Ra1
48. Rch1 Ra5 49. Rc1 Rab5 50. Rcc2 Ra4 51. Rh1 Rbb4 52. Rg1 Rb3 53. Rcg2 d4 54.
g5+ fxg5 55. Rxg5 Rxe3+ 56. Kf4 Ra1 57. h4 Rh3 58. Ke5 Rxh4 59. R5g2 Rg4 60.
Rxg4 hxg4 61. Rh1+ Kg5 62. Be4 Rxh1 63. Bxh1 d3 64. Kd4 0-1

[Event "TCh-FRA Top 12 2014"]
[Site "Saint-Quentin FRA"]
[Date "2014.06.02"]
[Round "10.1"]
[White "Postny, Evgeny"]
[Black "Fressinet, Laurent"]
[Result "1/2-1/2"]
[WhiteTitle "GM"]
[BlackTitle "GM"]
[WhiteElo "2641"]
[BlackElo "2711"]
[WhiteTeam "Club d'Echecs Metz Fischer"]
[BlackTeam "Clichy-Echecs-92"]
[WhiteFideId "2804344"]
[BlackFideId "608742"]
[EventDate "2014.05.24"]

1. d4 d5 2. c4 c6 3. Nf3 Nf6 4. Nc3 e6 5. Bg5 Nbd7 6. cxd5 exd5 7. e3 Be7 8. Bd3
Ne4 9. Bxe7 Qxe7 10. Qc2 Ndf6 11. O-O O-O 12. Ne5 Bf5 13. Ne2 g6 14. Nf4 Nd6 1/2-1/2

[Event "TCh-FRA Top 12 2014"]
[Site "Saint-Quentin FRA"]
[Date "2014.06.02"]
[Round "10.2"]
[White "Vachier-Lagrave, Maxime"]
[Black "Iordachescu, Viorel"]
[Result "1/2-1/2"]
[WhiteTitle "GM"]
[BlackTitle "GM"]
[WhiteElo "2758"]
[BlackElo "2594"]
[WhiteTeam "Clichy-Echecs-92"]
[BlackTeam "Club d'Echecs Metz Fischer"]
[WhiteFideId "623539"]
[BlackFideId "13900200"]
[EventDate "2014.05.24"]

1. e4 g6 2. d4 Bg7 3. Nc3 c6 4. Nf3 d6 5. Be3 Qb6 6. Qc1 Nf6 7. Bd3 O-O 8. O-O
Nbd7 9. a4 Qc7 10. a5 Ng4 11. Bg5 e5 12. d5 Ngf6 13. Bc4 a6 14. Ne1 b5 15. dxc6
bxc4 16. cxd7 Bb7 17. Bxf6 Bxf6 18. Ra4 Qxd7 19. Rxc4 Rfc8 20. Rxc8+ Rxc8 21.
Nd3 Rc4 22. Qe3 Bd8 23. Ra1 Kg7 24. f3 Bc7 25. Kh1 Qd8 26. Qa7 Qc8 27. Qf2 Qd8
28. Qa7 Qc8 29. Qf2 Qd8 1/2-1/2

[Event "TCh-FRA Top 12 2014"]
[Site "Saint-Quentin FRA"]
[Date "2014.06.02"]
[Round "10.3"]
[White "Koch, Jean-Rene"]
[Black "Tregubov, Pavel V."]
[Result "1/2-1/2"]
[WhiteTitle "IM"]
[BlackTitle "GM"]
[WhiteElo "2455"]
[BlackElo "2616"]
[WhiteTeam "Club d'Echecs Metz Fischer"]
[BlackTeam "Clichy-Echecs-92"]
[WhiteFideId "600148"]
[BlackFideId "4115341"]
[EventDate "2014.05.24"]

1. e4 c5 2. Nf3 Nc6 3. c3 Nf6 4. e5 Nd5 5. d4 cxd4 6. cxd4 d6 7. Bc4 dxe5 8.
dxe5 Ndb4 9. Qxd8+ Nxd8 10. Na3 a6 11. Bd2 e6 12. Ke2 b5 13. Bb3 Bb7 14. Nc2
Ndc6 15. Nxb4 Bxb4 16. Bxb4 Nxb4 17. Rhc1 Nd5 18. g3 O-O 19. Ne1 a5 20. Nd3 a4
21. Bxd5 Bxd5 22. Nb4 Bc4+ 23. Ke3 f6 24. exf6 Rxf6 25. b3 axb3 26. axb3 Rxa1
27. Rxa1 Bxb3 28. f4 Rf8 29. Nc6 Re8 30. Ra7 Bd5 31. Ne7+ Kf8 32. Nxd5 exd5+ 33.
Kd4 Re2 34. Kxd5 Rxh2 35. Rb7 Rh5+ 36. Ke6 Rh6+ 37. Kf5 Rf6+ 38. Kg4 h6 1/2-1/2

[Event "TCh-FRA Top 12 2014"]
[Site "Saint-Quentin FRA"]
[Date "2014.06.02"]
[Round "10.4"]
[White "Hamdouchi, Hicham"]
[Black "Neiman, Emmanuel"]
[Result "1-0"]
[WhiteTitle "GM"]
[BlackTitle "FM"]
[WhiteElo "2627"]
[BlackElo "2322"]
[WhiteTeam "Clichy-Echecs-92"]
[BlackTeam "Club d'Echecs Metz Fischer"]
[WhiteFideId "9000011"]
[BlackFideId "601616"]
[EventDate "2014.05.24"]

1. e4 e5 2. Nf3 Nf6 3. Nxe5 d6 4. Nf3 Nxe4 5. Nc3 Nxc3 6. dxc3 Be7 7. Be3 O-O 8.
Qd2 Nd7 9. O-O-O c6 10. c4 Re8 11. h4 Nf6 12. Bd3 d5 13. Bd4 Ne4 14. Bxe4 dxe4
15. Qc3 Bf8 16. Ng5 Qc7 17. f3 exf3 18. Qxf3 Be6 19. Qe4 g6 20. Nxh7 Bh6+ 21.
Kb1 Kxh7 22. h5 Qg3 23. hxg6+ fxg6 24. Bc3 Bg4 25. Qd4 Re7 26. Rde1 Rxe1+ 27.
Rxe1 Rg8 28. Re7+ 1-0

[Event "TCh-FRA Top 12 2014"]
[Site "Saint-Quentin FRA"]
[Date "2014.06.02"]
[Round "10.5"]
[White "Terrieux, Kevin"]
[Black "Van Wely, Loek"]
[Result "0-1"]
[WhiteTitle "IM"]
[BlackTitle "GM"]
[WhiteElo "2416"]
[BlackElo "2656"]
[WhiteTeam "Club d'Echecs Metz Fischer"]
[BlackTeam "Clichy-Echecs-92"]
[WhiteFideId "622591"]
[BlackFideId "1000268"]
[EventDate "2014.05.24"]

1. d4 Nf6 2. c4 e6 3. Nf3 c5 4. d5 d6 5. Nc3 exd5 6. cxd5 g6 7. Nd2 Nbd7 8. e4
Bg7 9. Nc4 Nb6 10. Ne3 O-O 11. Bd3 c4 12. Bc2 Bd7 13. O-O Rc8 14. a4 Re8 15. f3
Nh5 16. f4 Qh4 17. g3 Qe7 18. Re1 Nf6 19. Kg2 h5 20. h3 Rc5 21. Bd2 Qd8 22. Qf3
Qc8 23. Rh1 Re7 24. Ned1 Nbxd5 25. exd5 Nxd5 26. Be4 Nxc3 27. Nxc3 Bxc3 28. Bxb7
Bxd2 29. Bxc8 Bc6 0-1

[Event "TCh-FRA Top 12 2014"]
[Site "Saint-Quentin FRA"]
[Date "2014.06.02"]
[Round "10.6"]
[White "Lagarde, Maxime"]
[Black "Pucher, Sebastien"]
[Result "1-0"]
[WhiteTitle "GM"]
[WhiteElo "2510"]
[BlackElo "2294"]
[WhiteTeam "Clichy-Echecs-92"]
[BlackTeam "Club d'Echecs Metz Fischer"]
[WhiteFideId "662399"]
[BlackFideId "627232"]
[EventDate "2014.05.24"]

1. e4 Nf6 2. e5 Nd5 3. d4 d6 4. Nf3 g6 5. Bc4 Nb6 6. Bb3 Bg7 7. O-O O-O 8. h3
dxe5 9. Nxe5 N8d7 10. Nf3 c5 11. a4 e6 12. Bg5 Qc7 13. a5 Nd5 14. Bxd5 exd5 15.
Nc3 cxd4 16. Nxd4 a6 17. Re1 Ne5 18. Nxd5 Qd6 19. Nf5 Bxf5 20. Ne7+ Qxe7 21.
Bxe7 Rfe8 22. Bh4 Rec8 23. c3 Rc7 24. Bg3 Rd7 25. Bxe5 1-0

[Event "TCh-FRA Top 12 2014"]
[Site "Saint-Quentin FRA"]
[Date "2014.06.02"]
[Round "10.7"]
[White "Taddei, Benoit"]
[Black "Skripchenko, Almira"]
[Result "0-1"]
[WhiteTitle "FM"]
[BlackTitle "IM"]
[WhiteElo "2367"]
[BlackElo "2442"]
[WhiteTeam "Club d'Echecs Metz Fischer"]
[BlackTeam "Clichy-Echecs-92"]
[WhiteFideId "610151"]
[BlackFideId "13900145"]
[EventDate "2014.05.24"]

1. e4 d5 2. exd5 Qxd5 3. Nf3 Nf6 4. d4 Bg4 5. Be2 c6 6. c4 Qd8 7. O-O e6 8. Nc3
Be7 9. h3 Bh5 10. Be3 Nbd7 11. Qd2 O-O 12. Rad1 Bb4 13. a3 Ne4 14. Qc2 Nxc3 15.
bxc3 Be7 16. a4 Qc7 17. Ra1 Rac8 18. a5 c5 19. Rfc1 Bd6 20. Qb3 e5 21. Qc2 Bg6
22. Qb2 e4 23. Nh4 f5 24. Nxg6 hxg6 25. f3 Nf6 26. Rcb1 Rb8 27. Qb5 Nh5 28. Bf2
Bg3 29. Bxg3 Qxg3 30. Bd1 Nf4 31. Rb2 e3 32. Rab1 Nxh3+ 33. Kf1 Nf4 34. Kg1 g5
35. Qxc5 Qe1+ 36. Kh2 Rf6 0-1

[Event "TCh-FRA Top 12 2014"]
[Site "Saint-Quentin FRA"]
[Date "2014.06.02"]
[Round "10.8"]
[White "Delorme, Axel"]
[Black "Monpeurt, Cyrielle"]
[Result "1-0"]
[WhiteTitle "IM"]
[WhiteElo "2487"]
[BlackElo "2036"]
[WhiteTeam "Clichy-Echecs-92"]
[BlackTeam "Club d'Echecs Metz Fischer"]
[WhiteFideId "632023"]
[BlackFideId "677400"]
[EventDate "2014.05.24"]

1. Nf3 Nf6 2. c4 c5 3. g3 b6 4. Bg2 Bb7 5. O-O g6 6. Nc3 Bg7 7. d4 cxd4 8. Qxd4
O-O 9. Qh4 Re8 10. Bh6 Bh8 11. Rfd1 d6 12. Rac1 Nbd7 13. Be3 Rc8 14. Bh3 Qc7 15.
Nb5 Qb8 16. Ng5 Rcd8 17. Nc3 Nf8 18. b3 Bg7 19. Nd5 Nxd5 20. cxd5 Qa8 21. Bd4
Bxd5 22. Bxg7 Kxg7 23. Qd4+ f6 24. Rc7 h6 25. Qxd5 Qxd5 26. Rxd5 hxg5 27. Rxa7
Ra8 28. Rxa8 Rxa8 29. a4 f5 30. e4 g4 31. Bf1 fxe4 32. Rd4 Nd7 33. Rxe4 Ne5 34.
h3 Rc8 35. hxg4 Rc3 36. Rb4 Nf3+ 37. Kg2 Ne1+ 38. Kh3 Rc2 39. Re4 Nf3 40. Kg2
Ne5 41. g5 Rc3 42. f4 Rc2+ 43. Re2 Rxe2+ 44. Bxe2 Nc6 45. Bc4 Kf8 46. Kf3 e5 47.
Ke4 Ke7 48. Bd5 Nb4 49. fxe5 dxe5 50. Kxe5 Nd3+ 51. Kd4 Nb4 52. Be4 Kf7 53. Kc4 1-0

[Event "TCh-FRA Top 12 2014"]
[Site "Saint-Quentin FRA"]
[Date "2014.06.02"]
[Round "10.1"]
[White "Kazhgaleyev, Murtas"]
[Black "Edouard, Romain"]
[Result "1/2-1/2"]
[WhiteTitle "GM"]
[BlackTitle "GM"]
[WhiteElo "2570"]
[BlackElo "2692"]
[WhiteTeam "Echecs Club Montpellier"]
[BlackTeam "Bischwiller"]
[WhiteFideId "13700316"]
[BlackFideId "633429"]
[EventDate "2014.05.24"]

1. d4 d5 2. c4 dxc4 3. e3 Nf6 4. Bxc4 e6 5. Nf3 c5 6. O-O a6 7. dxc5 Qxd1 8.
Rxd1 Bxc5 9. Be2 b6 10. Nc3 Nbd7 11. Nd2 Bb7 12. Nc4 Bc6 13. a3 O-O 14. b4 Be7
15. e4 Rad8 16. f3 b5 17. Na5 Ba8 18. Be3 Ne5 19. Nb3 Nfd7 20. Rac1 g5 21. Na2
Rc8 22. Kf2 Rfd8 23. Na5 Nc6 24. a4 Nde5 25. Rxd8+ Rxd8 26. axb5 axb5 27. Bxb5 1/2-1/2

[Event "TCh-FRA Top 12 2014"]
[Site "Saint-Quentin FRA"]
[Date "2014.06.02"]
[Round "10.2"]
[White "Buhmann, Rainer"]
[Black "Fier, Alexandr"]
[Result "1/2-1/2"]
[WhiteTitle "GM"]
[BlackTitle "GM"]
[WhiteElo "2579"]
[BlackElo "2575"]
[WhiteTeam "Bischwiller"]
[BlackTeam "Echecs Club Montpellier"]
[WhiteFideId "4651340"]
[BlackFideId "2107139"]
[EventDate "2014.05.24"]

1. Nf3 Nf6 2. c4 g6 3. Nc3 Bg7 4. e4 d6 5. d4 O-O 6. Be2 e5 7. O-O Nc6 8. d5 Ne7
9. b4 Nh5 10. Re1 f5 11. Ng5 Nf4 12. Bxf4 exf4 13. Rc1 Bf6 14. Ne6 Bxe6 15. dxe6
Bxc3 16. Rxc3 fxe4 17. Bg4 h5 18. Bh3 e3 19. fxe3 fxe3 20. Qd4 c6 21. Qxe3 d5
22. cxd5 cxd5 23. Rcc1 Qd6 24. a3 a5 25. bxa5 Rxa5 26. Rf1 Rxf1+ 27. Rxf1 Rxa3
28. Qf2 Ra8 29. Qf7+ Kh8 30. Qf6+ Kg8 31. Qf7+ Kh8 32. Qf6+ Kg8 33. g4 Qa3 34.
Qf7+ Kh8 35. Qf6+ Kg8 36. Qf7+ Kh8 37. Qf6+ 1/2-1/2

[Event "TCh-FRA Top 12 2014"]
[Site "Saint-Quentin FRA"]
[Date "2014.06.02"]
[Round "10.3"]
[White "Libiszewski, Fabien"]
[Black "Le Roux, Jean-Pierre"]
[Result "1/2-1/2"]
[WhiteTitle "GM"]
[BlackTitle "GM"]
[WhiteElo "2543"]
[BlackElo "2546"]
[WhiteTeam "Echecs Club Montpellier"]
[BlackTeam "Bischwiller"]
[WhiteFideId "616834"]
[BlackFideId "609404"]
[EventDate "2014.05.24"]

1. e4 e5 2. Nf3 Nf6 3. Nxe5 d6 4. Nf3 Nxe4 5. d3 Nf6 6. d4 d5 7. Bd3 Bd6 8. O-O
O-O 9. Bg5 Bg4 10. Nbd2 h6 11. Bh4 1/2-1/2

[Event "TCh-FRA Top 12 2014"]
[Site "Saint-Quentin FRA"]
[Date "2014.06.02"]
[Round "10.4"]
[White "Schlosser, Philipp"]
[Black "Flear, Glenn C"]
[Result "1-0"]
[WhiteTitle "GM"]
[BlackTitle "GM"]
[WhiteElo "2586"]
[BlackElo "2488"]
[WhiteTeam "Bischwiller"]
[BlackTeam "Echecs Club Montpellier"]
[WhiteFideId "4600169"]
[BlackFideId "400165"]
[EventDate "2014.05.24"]

1. Nf3 d5 2. g3 c5 3. Bg2 Nc6 4. d4 e6 5. O-O Qb6 6. dxc5 Bxc5 7. Nc3 Bb4 8. e4
d4 9. Na4 Qa5 10. c3 dxc3 11. bxc3 Be7 12. Rb1 Nf6 13. e5 Nd7 14. Nd4 Nxd4 15.
cxd4 O-O 16. Bd2 Qa6 17. Bb4 Bxb4 18. Rxb4 Nb6 19. Qb3 Nd5 20. Nc5 Qe2 21. Rc4
b6 22. Bf3 Qd2 23. Rd1 Qh6 24. Ne4 Ba6 25. Ra4 Bb7 26. Nd6 b5 27. Ra5 Bc6 28.
Ra6 Bd7 29. h4 Rab8 30. Nxf7 Rxf7 31. Bxd5 Re8 32. Be4 Qh5 33. Rd2 Rc8 34. Kg2
g5 35. Rxa7 Rc4 36. a4 gxh4 37. axb5 hxg3 38. Ra8+ Bc8 39. fxg3 Rc1 40. Rxc8+
Rxc8 41. Qxe6 Rc1 42. Qh3 Qg5 43. Ra2 h5 44. Bd5 Qe3 45. Bxf7+ Kg7 46. Bxh5 Qg1+
47. Kf3 Rc3+ 48. Ke4 Qb1+ 49. Kf4 Qxa2 50. Qd7+ Kh8 51. Qe8+ Kg7 52. Qg6+ Kh8
53. Qf6+ Kg8 54. Qg5+ Kh8 55. Qh4 Kg7 56. Qf6+ Kg8 57. Qg6+ Kh8 58. Qe8+ Kg7 59.
Qe7+ Kh8 60. Qf8+ Kh7 61. Qe7+ Kg8 62. Ke4 1-0

[Event "TCh-FRA Top 12 2014"]
[Site "Saint-Quentin FRA"]
[Date "2014.06.02"]
[Round "10.5"]
[White "Buscara, Sevan"]
[Black "Ragger, Markus"]
[Result "0-1"]
[WhiteTitle "FM"]
[BlackTitle "GM"]
[WhiteElo "2379"]
[BlackElo "2632"]
[WhiteTeam "Echecs Club Montpellier"]
[BlackTeam "Bischwiller"]
[WhiteFideId "650234"]
[BlackFideId "1610856"]
[EventDate "2014.05.24"]

1. g3 c5 2. Bg2 Nc6 3. e4 g6 4. f4 Bg7 5. Nf3 d5 6. e5 Nh6 7. O-O O-O 8. Nc3 d4
9. Ne4 b6 10. a3 Be6 11. b3 f6 12. exf6 exf6 13. b4 Bd5 14. Nf2 c4 15. b5 Na5
16. a4 Re8 17. Bb2 c3 18. dxc3 Nc4 19. Ba3 Ne3 20. Qxd4 Nxg2 0-1

[Event "TCh-FRA Top 12 2014"]
[Site "Saint-Quentin FRA"]
[Date "2014.06.02"]
[Round "10.6"]
[White "Kosten, Anthony C."]
[Black "Boyd, Stephen"]
[Result "1-0"]
[WhiteTitle "GM"]
[BlackTitle "FM"]
[WhiteElo "2455"]
[BlackElo "2264"]
[WhiteTeam "Bischwiller"]
[BlackTeam "Echecs Club Montpellier"]
[WhiteFideId "400114"]
[BlackFideId "616672"]
[EventDate "2014.05.24"]

1. e4 d6 2. d4 Nf6 3. Nc3 e5 4. Nf3 Nbd7 5. Bc4 Be7 6. O-O O-O 7. a4 c6 8. a5
Nxe4 9. Nxe4 d5 10. a6 exd4 11. axb7 Bxb7 12. Bxd5 cxd5 13. Ng3 d3 14. Qxd3 Nc5
15. Qd1 a5 16. Be3 f5 17. Nh5 Qe8 18. Nf4 Qf7 19. Ne5 Qf6 20. Bxc5 Bxc5 21. Nd7
Qc6 22. Nxc5 Qxc5 23. Ne6 Qb6 24. Nxf8 Rxf8 25. Qd2 d4 26. Rfe1 Qg6 27. f4 Be4
28. Re2 Qd6 29. Rd1 a4 30. Qxd4 Qxf4 31. Qc4+ Kh8 32. Qb4 Rb8 33. Qd6 Qxd6 34.
Rxd6 Kg8 35. c3 Kf7 36. Red2 a3 37. bxa3 Rb3 38. Ra6 Ke7 39. a4 g5 40. Rh6 Rxc3
41. Rxh7+ Kf6 42. a5 Ra3 43. a6 Kg6 44. Ra7 Kh5 45. Kf2 Kg4 46. Re2 Kh5 47. Rb2
Kg4 48. h3+ Kf4 49. Re7 g4 50. hxg4 Kxg4 51. a7 Bd5 52. Rd2 Bc6 53. Kg1 Kg3 54.
Rg7+ Kf4 55. Kh2 Be4 56. Rdd7 Ke3 57. Rg3+ Kf4 58. Rgg7 1-0